|
|
แสดงรายละเอียดบรรณานุกรม |
|
|
Brief Record
: Get Marc (ISO 2709)
: E-mail record
: |
|
|
| LEADER 00000nama 2200000uu 4500 | |||
| 001 202244 | |||
| 003 ULIBM | |||
| 008 040531s|||| th m m a000 0 tha d | |||
| 020 974-91440-6-6 | |||
| 041 tha | |||
| 050 WB200 ก449 2549 | |||
| 100 อภิชัย ลีละสิริ...[และคนอื่นๆ]. | |||
| 245 การซักประวัติและการตรวจร่างกาย = Introduction to Clinical Medicine/อภิชัย ลีละสิริ. | |||
| 250 พิมพ์ครั้งที่ 3. | |||
| 260 กรุงเทพฯ. โครงการตำรา วิทยาลัยแพทยศาสตร์พระมงกุฎเกล้า. 2549. | |||
| 300 273 หน้า. | |||
| 440 โครงการตำรา วพม ; เล่มที่ 1/2544. | |||
| 600 I.วิทยาลัยแพทยศาสตร์พระมงกุฏเกล้า โครงการตำรา. | |||
| 650 1.การตรวจร่างกาย 2.การซักประวัติผู้ป่วย 3.อายุรศาตร์. | |||
| 995 001 | |||
| คุณยังไม่ได้ล็อกอิน คุณสามารถมีกิจกรรมร่วมกับเว็บไซต์ได้ แต่ต้องล็อกอินก่อน :: |
|
| สถานะ | |||||||||
| 1. | หนังสือทั่วไป | WB200 ก449 2549 | On Shelf ขอยืม | ||||||
| 2. | หนังสือทั่วไป | WB200 ก449 2549 | On Shelf ขอยืม | ||||||
| 3. | หนังสือทั่วไป | WB200 ก449 2549 | On Shelf ขอยืม | ||||||
| 4. | หนังสือทั่วไป | WB200 ก449 2549 ฉ.17 | On Shelf ขอยืม | ||||||
| Note:ปีงบประมาณ 2555 | |||||||||
| 5. | หนังสือทั่วไป | WB200 ก449 2549 ฉ.18 | On Shelf ขอยืม | ||||||
| Note:ปีงบประมาณ 2555 | |||||||||
| [แสดง 5/5 รายการ] | |||||||||
BibComment |
| คอมเมนท์ทรัพยากรรายการนี้ |
|
|